000
00282nam a22001217a 4500
008
230907b ||||| |||| 00| 0 eng d
041
_a
eng
080
_a
101
100
_a
101THO
101
_a
FILOZ
245
_a
PRINCIPIES OF MECHANICS AND DYNAMICS
_c
THOMSON .W
942
_2
udc
_c
BK
999
_c
60283
_d
60283